[Event "Kent Oliver mem."]
[Site "Winnipeg CAN"]
[Date "2007.01.12"]
[Round "1"]
[White "Gentes, Kevin"]
[Black "Einarsson, Ken"]
[Result "1-0"]
[WhiteElo "2281"]
[BlackElo "1676"]
[PlyCount "79"]
[GameId "2160767910735146"]
[EventDate "2007.01.12"]
[EventType "swiss"]
[EventRounds "5"]
[EventCountry "CAN"]
[SourceTitle "EXT 2022"]
[Source "ChessBase"]
[SourceDate "2021.10.06"]
[SourceVersion "1"]
[SourceVersionDate "2021.10.06"]
[SourceQuality "1"]

1. d4 d5 2. c4 e6 3. Nf3 Nf6 4. Nc3 Be7 5. Bg5 O-O 6. e3 Nbd7 7. Rc1 c6 8. a3 Re8 9. Bd3 h6 10. Bh4 b6 11. cxd5 exd5 12. Bg3 Nh5 13. Nxd5 Nxg3 14. Nxe7+ Qxe7 15. hxg3 Bb7 16. O-O c5 17. Bb5 Red8 18. Qa4 a6 19. Bxd7 Rxd7 20. dxc5 bxc5 21. Rxc5 Rad8 22. Rfc1 Qf6 23. Nd4 Rd6 24. Qc2 g6 25. Rc7 Rb8 26. b4 h5 27. Qc5 Re6 28. a4 Be4 29. Rc8+ Re8 30. Rxb8 Rxb8 31. b5 axb5 32. axb5 Bd3 33. Qc7 Qb6 34. Qxb6 Rxb6 35. Rc3 Be4 36. f3 Bb7 37. Kf2 Kf8 38. e4 Ke7 39. Rc7+ Ke8 40. Ke3 1-0

[Event "Kent Oliver mem."]
[Site "Winnipeg CAN"]
[Date "2007.01.12"]
[Round "1"]
[White "Gibbons, Lorne"]
[Black "Rutter, Blair"]
[Result "0-1"]
[WhiteElo "1338"]
[BlackElo "1958"]
[PlyCount "46"]
[GameId "2160767910735147"]
[EventDate "2007.01.12"]
[EventType "swiss"]
[EventRounds "5"]
[EventCountry "CAN"]
[SourceTitle "EXT 2022"]
[Source "ChessBase"]
[SourceDate "2021.10.06"]
[SourceVersion "1"]
[SourceVersionDate "2021.10.06"]
[SourceQuality "1"]

1. d4 d5 2. c4 e6 3. Bf4 Nf6 4. Nc3 a6 5. e3 Be7 6. Be2 Nbd7 7. g4 dxc4 8. Bxc4 b5 9. Bxb5 axb5 10. Nxb5 Bb4+ 11. Kf1 Ba6 12. a4 c6 13. g5 Nd5 14. Ne2 cxb5 15. Kg2 Bb7 16. Kg3 Nxf4 17. Kxf4 Bd6+ 18. Kg4 f5+ 19. gxf6 Nxf6+ 20. Kh3 Ne4 21. Qg1 Ng5+ 22. Kg4 h5+ 23. Kh4 Nf3+ 0-1

[Event "Kent Oliver mem."]
[Site "Winnipeg CAN"]
[Date "2007.01.12"]
[Round "1"]
[White "Khedkar, Jay S"]
[Black "Goodman, Clifford"]
[Result "1-0"]
[WhiteElo "1963"]
[BlackElo "1498"]
[PlyCount "41"]
[GameId "2160767910735148"]
[EventDate "2007.01.12"]
[EventType "swiss"]
[EventRounds "5"]
[EventCountry "CAN"]
[SourceTitle "EXT 2022"]
[Source "ChessBase"]
[SourceDate "2021.10.06"]
[SourceVersion "1"]
[SourceVersionDate "2021.10.06"]
[SourceQuality "1"]

1. e4 c6 2. d4 d5 3. Nd2 dxe4 4. Nxe4 Bf5 5. Ng3 Bg6 6. Nf3 Nd7 7. h4 h6 8. Bd3 Bxd3 9. Qxd3 Ngf6 10. Bd2 e6 11. O-O-O Bd6 12. c4 Qc7 13. Ne4 Nxe4 14. Qxe4 Nf6 15. Qe2 Bf4 16. Ne5 Bxd2+ 17. Rxd2 O-O 18. g4 Rfd8 19. g5 hxg5 20. hxg5 Nd7 21. Qh5 1-0

[Event "Kent Oliver mem."]
[Site "Winnipeg CAN"]
[Date "2007.01.12"]
[Round "1"]
[White "Nikouline, Alexandre"]
[Black "Gannon, Keith"]
[Result "1-0"]
[WhiteElo "2135"]
[BlackElo "1640"]
[PlyCount "55"]
[GameId "2160767910735149"]
[EventDate "2007.01.12"]
[EventType "swiss"]
[EventRounds "5"]
[EventCountry "CAN"]
[SourceTitle "EXT 2022"]
[Source "ChessBase"]
[SourceDate "2021.10.06"]
[SourceVersion "1"]
[SourceVersionDate "2021.10.06"]
[SourceQuality "1"]

1. e4 d6 2. d4 Nf6 3. Nc3 g6 4. f3 Bg7 5. Be3 O-O 6. Qd2 c6 7. O-O-O Nbd7 8. e5 Nd5 9. Nxd5 cxd5 10. exd6 exd6 11. Bh6 Nb6 12. Bxg7 Kxg7 13. h4 h5 14. Nh3 Nc4 15. Bxc4 dxc4 16. d5 Bxh3 17. Rxh3 b5 18. g4 hxg4 19. fxg4 a5 20. g5 Rh8 21. Qd4+ f6 22. Rf1 Rf8 23. Rhf3 Rf7 24. Rxf6 Rxf6 25. Rxf6 Kg8 26. Rxg6+ Kf8 27. Qh8+ Kf7 28. Rg7# 1-0

[Event "Kent Oliver mem."]
[Site "Winnipeg CAN"]
[Date "2007.01.13"]
[Round "2"]
[White "Einarsson, Ken"]
[Black "Campbell, Jamie"]
[Result "1-0"]
[WhiteElo "1676"]
[BlackElo "1516"]
[PlyCount "83"]
[GameId "2160767910735150"]
[EventDate "2007.01.12"]
[EventType "swiss"]
[EventRounds "5"]
[EventCountry "CAN"]
[SourceTitle "EXT 2022"]
[Source "ChessBase"]
[SourceDate "2021.10.06"]
[SourceVersion "1"]
[SourceVersionDate "2021.10.06"]
[SourceQuality "1"]

1. d4 Nf6 2. c4 e5 3. e3 exd4 4. exd4 Bb4+ 5. Nc3 O-O 6. Bd3 Re8+ 7. Nge2 d5 8. O-O dxc4 9. Bxc4 b6 10. Qb3 Qe7 11. Bg5 Bxc3 12. Nxc3 Be6 13. Nd5 Bxd5 14. Bxd5 c6 15. Bf3 h6 16. Bh4 Qd6 17. Bxf6 Qxf6 18. d5 cxd5 19. Bxd5 Nc6 20. Qa4 b5 21. Qxb5 Nd4 22. Qa4 Rad8 23. Bc4 Ne2+ 24. Kh1 Qxb2 25. Qxa7 Qf6 26. a4 Ra8 27. Qc5 Nc3 28. a5 Rec8 29. Qb4 Rab8 30. Bxf7+ Kxf7 31. Qa3 Qe6 32. Rfe1 Rb3 33. Qc1 Qf5 34. Qe3 Qc5 35. Qf3+ Kg8 36. a6 Qd5 37. Qg4 Ra8 38. Re7 g5 39. a7 Rb1+ 40. Rxb1 Nxb1 41. Qh5 Qf5 42. Re8+ 1-0

[Event "Kent Oliver mem."]
[Site "Winnipeg CAN"]
[Date "2007.01.13"]
[Round "2"]
[White "Gannon, Keith"]
[Black "Gibbons, Lorne"]
[Result "1/2-1/2"]
[WhiteElo "1640"]
[BlackElo "1338"]
[PlyCount "145"]
[GameId "2160767910735151"]
[EventDate "2007.01.12"]
[EventType "swiss"]
[EventRounds "5"]
[EventCountry "CAN"]
[SourceTitle "EXT 2022"]
[Source "ChessBase"]
[SourceDate "2021.10.06"]
[SourceVersion "1"]
[SourceVersionDate "2021.10.06"]
[SourceQuality "1"]

1. e4 e5 2. Nf3 Bd6 3. Bc4 h6 4. Nc3 Nf6 5. O-O Nc6 6. a3 O-O 7. d3 b6 8. Be3 Bb7 9. Nb5 Ne8 10. Nxd6 Nxd6 11. Bd5 Rb8 12. Bxc6 Bxc6 13. Nxe5 Bb7 14. Re1 f6 15. Nf3 Nf7 16. c3 d5 17. Nd2 Ne5 18. d4 Nd3 19. Rf1 dxe4 20. Qb3+ Qd5 21. Qxd5+ Bxd5 22. c4 Bb7 23. b4 f5 24. f4 exf3 25. Nxf3 f4 26. Bd2 Bxf3 27. Rxf3 Nb2 28. c5 Nc4 29. Bxf4 Rbc8 30. Raf1 c6 31. Bc1 Rxf3 32. Rxf3 Rf8 33. Rd3 b5 34. Rg3 Kh7 35. h3 Re8 36. Kf2 Re4 37. Rd3 Re7 38. g4 Rd7 39. Kg3 Ne5 40. Re3 Ng6 41. Bb2 Kg8 42. Re6 Ne7 43. h4 Kf8 44. Re4 Nd5 45. Re2 Kf7 46. g5 h5 47. Bc1 Ne7 48. Rf2+ Kg8 49. Rf4 g6 50. Kf3 Nf5 51. Be3 Kf7 52. Ke2 Re7 53. Rf3 Ke8 54. Kd3 Kd7 55. Bf2 Ke6 56. Bg3 Rd7 57. Bf2 Kd5 58. Rf4 Re7 59. Kc3 Re2 60. Kb3 Rd2 61. Kc3 Re2 62. Kb3 Re6 63. a4 a6 64. axb5 axb5 65. Kc3 Re2 66. Kd3 Rb2 67. Kc3 Re2 68. Kd3 Re6 69. Bg1 Re8 70. Bf2 Re6 71. Bg1 Re8 72. Bf2 Re6 73. Bg1 1/2-1/2

[Event "Kent Oliver mem."]
[Site "Winnipeg CAN"]
[Date "2007.01.13"]
[Round "2"]
[White "Goodman, Clifford"]
[Black "Curtis, Rory"]
[Result "0-1"]
[WhiteElo "1498"]
[BlackElo "1650"]
[PlyCount "43"]
[GameId "2160767910735152"]
[EventDate "2007.01.12"]
[EventType "swiss"]
[EventRounds "5"]
[EventCountry "CAN"]
[SourceTitle "EXT 2022"]
[Source "ChessBase"]
[SourceDate "2021.10.06"]
[SourceVersion "1"]
[SourceVersionDate "2021.10.06"]
[SourceQuality "1"]

1. c4 e5 2. Nc3 Nf6 3. d3 Nc6 4. Nf3 Bb4 5. g3 O-O 6. a3 Bxc3+ 7. bxc3 e4 8. dxe4 Nxe4 9. Qc2 Re8 10. Bg2 h6 11. Nd4 Nf6 12. O-O Ne5 13. Qb3 d6 14. Bf4 Qd7 15. Rfd1 Nh5 16. Bxe5 Rxe5 17. Bxb7 Rb8 18. Bxc8 Rxc8 19. Nf3 Rxe2 20. c5 Nf4 21. Rd3 Nh3+ 22. Kh1 0-1

[Event "Kent Oliver mem."]
[Site "Winnipeg CAN"]
[Date "2007.01.13"]
[Round "2"]
[White "Kaptsan, Aron"]
[Black "Khedkar, Jay S"]
[Result "1/2-1/2"]
[WhiteElo "2015"]
[BlackElo "1963"]
[PlyCount "113"]
[GameId "2160767910735153"]
[EventDate "2007.01.12"]
[EventType "swiss"]
[EventRounds "5"]
[EventCountry "CAN"]
[SourceTitle "EXT 2022"]
[Source "ChessBase"]
[SourceDate "2021.10.06"]
[SourceVersion "1"]
[SourceVersionDate "2021.10.06"]
[SourceQuality "1"]

1. d4 d5 2. c4 e6 3. Nc3 Nf6 4. Nf3 Nbd7 5. Bg5 c6 6. cxd5 exd5 7. e3 Be7 8. Bd3 O-O 9. Qc2 Re8 10. O-O Nf8 11. Ne5 Ng4 12. Bxe7 Qxe7 13. Nxg4 Bxg4 14. Bf5 Qg5 15. Bxg4 Qxg4 16. b4 Ng6 17. Qe2 Qg5 18. Qf3 Re6 19. g3 Nh4 20. Qf4 Qxf4 21. gxf4 Rae8 22. Ne2 Rh6 23. h3 Ree6 24. Ng3 g5 25. fxg5 Rhg6 26. Rfc1 Rxg5 27. a4 Nf5 28. Kg2 Nxe3+ 29. Kh2 Nf5 30. Nxf5 Rxf5 31. Rc2 Re4 32. Rd2 Rf3 33. Kg2 Rb3 34. b5 Rb4 35. bxc6 bxc6 36. Rc2 Rexd4 37. Rxc6 Rxa4 38. Rb1 Ra2 39. Rf6 Kg7 40. Rf3 f6 41. Rb7+ Kg6 42. Rd7 Ra6 43. Rg3+ Kf5 44. Rxh7 Rf4 45. Rh5+ Ke6 46. Re3+ Re4 47. Rf3 Rd6 48. Rh6 Ke5 49. Ra3 d4 50. Rh5+ Ke6 51. Rd3 Rd5 52. Rh8 Rf5 53. Rd2 a5 54. Ra8 Rc5 55. Kf3 Kf5 56. Rd8 Rc3+ 57. Kg2 1/2-1/2

[Event "Kent Oliver mem."]
[Site "Winnipeg CAN"]
[Date "2007.01.13"]
[Round "2"]
[White "Lipnowski, Samuel"]
[Black "Gentes, Kevin"]
[Result "1/2-1/2"]
[WhiteElo "2268"]
[BlackElo "2281"]
[PlyCount "85"]
[GameId "2160767910735154"]
[EventDate "2007.01.12"]
[EventType "swiss"]
[EventRounds "5"]
[EventCountry "CAN"]
[SourceTitle "EXT 2022"]
[Source "ChessBase"]
[SourceDate "2021.10.06"]
[SourceVersion "1"]
[SourceVersionDate "2021.10.06"]
[SourceQuality "1"]

1. e4 c5 2. Nf3 d6 3. d4 cxd4 4. Nxd4 Nf6 5. Nc3 a6 6. Be3 e6 7. g4 e5 8. Nf5 g6 9. g5 gxf5 10. exf5 d5 11. Qf3 d4 12. O-O-O Nbd7 13. Bxd4 exd4 14. Rxd4 Qb6 15. Qe3+ Be7 16. Bh3 O-O 17. Rhd1 Bc5 18. gxf6 Qxf6 19. Ne4 Bxd4 20. Nxf6+ Bxf6 21. Qh6 Kh8 22. Rxd7 Bxd7 23. Qxf6+ Kg8 24. Bg2 Bc6 25. Bxc6 bxc6 26. Qxc6 f6 27. b3 Ra7 28. a4 Kg7 29. Kb2 Rb8 30. Qc5 Rab7 31. Qd5 Ra7 32. Qa5 Rc8 33. Qb6 Rcc7 34. c4 a5 35. Kc3 Rcb7 36. Qc6 Rc7 37. Qg2+ Kf8 38. Qg3 Rab7 39. Qd6+ Kg7 40. c5 Rd7 41. Qg3+ Kf7 42. Qh4 Kg7 43. Qc4 1/2-1/2

[Event "Kent Oliver mem."]
[Site "Winnipeg CAN"]
[Date "2007.01.13"]
[Round "3"]
[White "Curtis, Rory"]
[Black "Kaptsan, Aron"]
[Result "0-1"]
[WhiteElo "1650"]
[BlackElo "2015"]
[PlyCount "98"]
[GameId "2160767910735155"]
[EventDate "2007.01.12"]
[EventType "swiss"]
[EventRounds "5"]
[EventCountry "CAN"]
[SourceTitle "EXT 2022"]
[Source "ChessBase"]
[SourceDate "2021.10.06"]
[SourceVersion "1"]
[SourceVersionDate "2021.10.06"]
[SourceQuality "1"]

1. Nf3 Nf6 2. g3 b6 3. Bg2 Bb7 4. d3 d6 5. e4 Nbd7 6. Nbd2 c5 7. Nc4 Qc7 8. Qe2 e6 9. O-O b5 10. Ne3 Be7 11. b3 O-O 12. Bb2 a6 13. h4 Rfe8 14. Kh2 Rac8 15. c4 bxc4 16. bxc4 Ne5 17. Bxe5 dxe5 18. g4 Nd7 19. g5 Nb8 20. Rh1 Nc6 21. Kg1 Rcd8 22. Ne1 Rd7 23. Qg4 Qd8 24. g6 Bf6 25. gxh7+ Kxh7 26. Qh5+ Kg8 27. Qg4 Kf8 28. h5 Ke7 29. Rb1 Rh8 30. Qd1 Qa5 31. Qb3 Ba8 32. Qd1 Rb8 33. Rxb8 Nxb8 34. h6 gxh6 35. Rxh6 Bg5 36. Rh5 Bxe3 37. fxe3 Nc6 38. Rh8 Bb7 39. Bf1 Nb4 40. Qg4 Qxa2 41. Qg8 Kd6 42. Qb8+ Kc6 43. Qxe5 Qd2 44. Qg3 a5 45. e5 Kb6 46. Rh2 Qc3 47. Qf2 Qxe5 48. d4 cxd4 49. exd4 Qxd4 0-1

[Event "Kent Oliver mem."]
[Site "Winnipeg CAN"]
[Date "2007.01.13"]
[Round "3"]
[White "Gentes, Kevin"]
[Black "Nikouline, Alexandre"]
[Result "1-0"]
[WhiteElo "2281"]
[BlackElo "2135"]
[PlyCount "49"]
[GameId "2160767910735156"]
[EventDate "2007.01.12"]
[EventType "swiss"]
[EventRounds "5"]
[EventCountry "CAN"]
[SourceTitle "EXT 2022"]
[Source "ChessBase"]
[SourceDate "2021.10.06"]
[SourceVersion "1"]
[SourceVersionDate "2021.10.06"]
[SourceQuality "1"]

1. c4 Nf6 2. Nc3 e6 3. Nf3 b6 4. e4 Bb7 5. Bd3 Nc6 6. O-O Ng4 7. Bb1 Nce5 8. d4 Nxc4 9. Qe2 Na5 10. e5 g6 11. h3 Nh6 12. Bg5 Qc8 13. Ne4 f5 14. exf6 Nf7 15. Bd2 Ba6 16. Bd3 Bxd3 17. Qxd3 Nb7 18. Rfe1 c6 19. Rac1 Qd8 20. d5 Bd6 21. Nxd6+ Nbxd6 22. dxe6 dxe6 23. Rxe6+ Kf8 24. Bh6+ Nxh6 25. Rxd6 1-0

[Event "Kent Oliver mem."]
[Site "Winnipeg CAN"]
[Date "2007.01.13"]
[Round "3"]
[White "Goodman, Clifford"]
[Black "Gannon, Keith"]
[Result "0-1"]
[WhiteElo "1498"]
[BlackElo "1640"]
[PlyCount "41"]
[GameId "2160767910735157"]
[EventDate "2007.01.12"]
[EventType "swiss"]
[EventRounds "5"]
[EventCountry "CAN"]
[SourceTitle "EXT 2022"]
[Source "ChessBase"]
[SourceDate "2021.10.06"]
[SourceVersion "1"]
[SourceVersionDate "2021.10.06"]
[SourceQuality "1"]

1. c4 c5 2. Nc3 Nc6 3. Nf3 Nf6 4. g3 e6 5. Bg2 d5 6. cxd5 exd5 7. d3 d4 8. Nb1 Bd6 9. Bg5 h6 10. Bxf6 Qxf6 11. Nbd2 Qe7 12. Ne4 Bc7 13. Rc1 Ba5+ 14. Nfd2 O-O 15. O-O Bxd2 16. Nxd2 Bd7 17. Ne4 b6 18. Re1 Rac8 19. a3 Ne5 20. Nd2 Rfe8 21. e4 0-1

[Event "Kent Oliver mem."]
[Site "Winnipeg CAN"]
[Date "2007.01.13"]
[Round "3"]
[White "Khedkar, Jay S"]
[Black "Lipnowski, Samuel"]
[Result "0-1"]
[WhiteElo "1963"]
[BlackElo "2268"]
[PlyCount "80"]
[GameId "2160767910735158"]
[EventDate "2007.01.12"]
[EventType "swiss"]
[EventRounds "5"]
[EventCountry "CAN"]
[SourceTitle "EXT 2022"]
[Source "ChessBase"]
[SourceDate "2021.10.06"]
[SourceVersion "1"]
[SourceVersionDate "2021.10.06"]
[SourceQuality "1"]

1. d4 Nf6 2. Nf3 c5 3. c4 g6 4. g3 Bg7 5. Bg2 O-O 6. Nc3 cxd4 7. Nxd4 a6 8. O-O Nc6 9. e4 Nxd4 10. Qxd4 d6 11. Qd2 Rb8 12. Rd1 Be6 13. Qe2 Bg4 14. f3 Bd7 15. Be3 Qa5 16. c5 Qc7 17. cxd6 exd6 18. Rac1 Bc6 19. Nd5 Qd7 20. Nf4 Rfe8 21. Qd2 d5 22. Bh3 Qd8 23. Ba7 dxe4 24. Bxb8 Qxb8 25. Qd6 Qa7+ 26. Qc5 Qxc5+ 27. Rxc5 exf3 28. Rxc6 bxc6 29. Kf2 g5 30. Nd3 g4 31. Bf1 Ne4+ 32. Kg1 Bd4+ 33. Kh1 Be3 34. Re1 Bd2 35. Rd1 Rd8 36. Rb1 Rxd3 37. Bxd3 Nf2+ 38. Kg1 Nxd3 39. Kf1 Be3 40. b4 Ne5 0-1

[Event "Kent Oliver mem."]
[Site "Winnipeg CAN"]
[Date "2007.01.13"]
[Round "3"]
[White "Rutter, Blair"]
[Black "Einarsson, Ken"]
[Result "1-0"]
[WhiteElo "1958"]
[BlackElo "1676"]
[PlyCount "65"]
[GameId "2160767910735159"]
[EventDate "2007.01.12"]
[EventType "swiss"]
[EventRounds "5"]
[EventCountry "CAN"]
[SourceTitle "EXT 2022"]
[Source "ChessBase"]
[SourceDate "2021.10.06"]
[SourceVersion "1"]
[SourceVersionDate "2021.10.06"]
[SourceQuality "1"]

1. c4 c5 2. g3 Nc6 3. Bg2 Nf6 4. Nc3 e5 5. e4 d6 6. Nge2 Be7 7. d3 O-O 8. O-O Ne8 9. h3 f5 10. f4 Nc7 11. Kh2 Nd4 12. Be3 Nce6 13. Qd2 Kh8 14. Rf2 Nxe2 15. Qxe2 exf4 16. Bxf4 Nxf4 17. Rxf4 Bg5 18. Rf2 f4 19. g4 Qe7 20. Nd5 Qe5 21. Raf1 Bh4 22. Rf3 Bg3+ 23. Kh1 Bxg4 24. hxg4 Qg5 25. Bh3 Qh6 26. Qg2 g5 27. Ne7 Rae8 28. Nf5 Rxf5 29. Rxg3 fxg3 30. Rxf5 Qg7 31. b3 Kg8 32. Qxg3 Qa1+ 33. Bf1 1-0

[Event "Kent Oliver mem."]
[Site "Winnipeg CAN"]
[Date "2007.01.14"]
[Round "4"]
[White "Campbell, Jamie"]
[Black "Gibbons, Lorne"]
[Result "1-0"]
[WhiteElo "1516"]
[BlackElo "1338"]
[PlyCount "44"]
[GameId "2160767910735160"]
[EventDate "2007.01.12"]
[EventType "swiss"]
[EventRounds "5"]
[EventCountry "CAN"]
[SourceTitle "EXT 2022"]
[Source "ChessBase"]
[SourceDate "2021.10.06"]
[SourceVersion "1"]
[SourceVersionDate "2021.10.06"]
[SourceQuality "1"]

1. Nf3 Nc6 2. g3 e5 3. d3 Bc5 4. Bg2 d6 5. O-O Nge7 6. c4 f6 7. a3 a6 8. Nc3 Be6 9. b4 Ba7 10. Be3 Bxe3 11. fxe3 O-O 12. e4 Qd7 13. Ne1 f5 14. Nc2 Rf6 15. Qd2 Raf8 16. exf5 Bxf5 17. Rf2 Rh6 18. Raf1 Ng6 19. Bd5+ Be6 20. Qg5 Bxd5 21. Nxd5 Rxf2 22. Rxf2 Nge7 1-0

[Event "Kent Oliver mem."]
[Site "Winnipeg CAN"]
[Date "2007.01.14"]
[Round "4"]
[White "Einarsson, Ken"]
[Black "Goodman, Clifford"]
[Result "1-0"]
[WhiteElo "1676"]
[BlackElo "1498"]
[PlyCount "43"]
[GameId "2160767910735161"]
[EventDate "2007.01.12"]
[EventType "swiss"]
[EventRounds "5"]
[EventCountry "CAN"]
[SourceTitle "EXT 2022"]
[Source "ChessBase"]
[SourceDate "2021.10.06"]
[SourceVersion "1"]
[SourceVersionDate "2021.10.06"]
[SourceQuality "1"]

1. d4 Nf6 2. c4 g6 3. Nc3 d5 4. Bg5 Bg7 5. e3 O-O 6. Nf3 Bg4 7. h3 Bxf3 8. Qxf3 c6 9. Bxf6 Bxf6 10. cxd5 Qa5 11. dxc6 Nxc6 12. Bc4 Qb6 13. Bb3 Na5 14. Qd1 Rad8 15. O-O e5 16. Nd5 Rxd5 17. Bxd5 Rd8 18. Qf3 Qc7 19. Rac1 Qd7 20. Rfd1 Qe7 21. dxe5 Bxe5 22. Qxf7+ 1-0

[Event "Kent Oliver mem."]
[Site "Winnipeg CAN"]
[Date "2007.01.14"]
[Round "4"]
[White "Gannon, Keith"]
[Black "Khedkar, Jay S"]
[Result "1-0"]
[WhiteElo "1640"]
[BlackElo "1963"]
[PlyCount "63"]
[GameId "2160767910735162"]
[EventDate "2007.01.12"]
[EventType "swiss"]
[EventRounds "5"]
[EventCountry "CAN"]
[SourceTitle "EXT 2022"]
[Source "ChessBase"]
[SourceDate "2021.10.06"]
[SourceVersion "1"]
[SourceVersionDate "2021.10.06"]
[SourceQuality "1"]

1. e4 c5 2. c4 Nc6 3. Nc3 Nf6 4. Nf3 d6 5. d4 cxd4 6. Nxd4 e6 7. Be2 Be7 8. O-O Qc7 9. Ndb5 Qb8 10. Bf3 Bd7 11. Bg5 a6 12. Bxf6 gxf6 13. Nd4 Ne5 14. b4 Nxc4 15. a4 Ne5 16. Be2 Qa7 17. b5 Rc8 18. Rc1 O-O 19. Re1 Bd8 20. Nb3 Bb6 21. Rf1 Bc5 22. Nxc5 Qxc5 23. bxa6 Qa5 24. Nb5 Rxc1 25. Qxc1 bxa6 26. Nxd6 Qxa4 27. Rd1 Bb5 28. Nxb5 axb5 29. Qh6 Qxe4 30. Kf1 Qf5 31. h3 Nc4 32. Bd3 1-0

[Event "Kent Oliver mem."]
[Site "Winnipeg CAN"]
[Date "2007.01.14"]
[Round "4"]
[White "Kaptsan, Aron"]
[Black "Gentes, Kevin"]
[Result "1/2-1/2"]
[WhiteElo "2015"]
[BlackElo "2281"]
[PlyCount "125"]
[GameId "2160767910735163"]
[EventDate "2007.01.12"]
[EventType "swiss"]
[EventRounds "5"]
[EventCountry "CAN"]
[SourceTitle "EXT 2022"]
[Source "ChessBase"]
[SourceDate "2021.10.06"]
[SourceVersion "1"]
[SourceVersionDate "2021.10.06"]
[SourceQuality "1"]

1. d4 Nf6 2. c4 g6 3. Nc3 Bg7 4. e3 O-O 5. Bd3 c5 6. Nf3 cxd4 7. exd4 d5 8. O-O Nc6 9. h3 dxc4 10. Bxc4 Na5 11. Bd3 Be6 12. Bf4 Nd5 13. Be5 Nxc3 14. bxc3 Rc8 15. Bxg7 Kxg7 16. Qd2 Nc4 17. Qe2 Qa5 18. Rab1 b6 19. Rb4 Nd6 20. Qb2 Qxa2 21. Qxa2 Bxa2 22. Ra1 Bd5 23. Rxa7 Rxc3 24. Be2 Nc8 25. Ra1 Bb7 26. Rd1 Rd8 27. Ne5 e6 28. Bf1 Kf8 29. Nc4 Ba6 30. Nxb6 Bxf1 31. Kxf1 Ne7 32. Rc4 Rxc4 33. Nxc4 Nc6 34. Ne3 Rxd4 35. Rxd4 Nxd4 36. Ke1 Ke7 37. Kd2 e5 38. Kd3 Ke6 39. Nc4 g5 40. Ke3 f5 41. Kd3 Nb3 42. Ke3 Nc5 43. f3 Kf6 44. Kf2 h5 45. Ke3 Ke6 46. Nb6 Nd7 47. Nc4 Nf6 48. Kf2 h4 49. Ke3 Nd5+ 50. Kf2 f4 51. Nd2 Nc3 52. Nc4 Kd5 53. Nb6+ Kd4 54. Nd7 Nd1+ 55. Ke2 Ne3 56. Kf2 e4 57. fxe4 Kxe4 58. Nc5+ Kd5 59. Nd7 Ke6 60. Nc5+ Kf5 61. Nd7 Nc2 62. Nc5 Nd4 63. Nd7 1/2-1/2

[Event "Kent Oliver mem."]
[Site "Winnipeg CAN"]
[Date "2007.01.14"]
[Round "4"]
[White "Lipnowski, Samuel"]
[Black "Rutter, Blair"]
[Result "1-0"]
[WhiteElo "2268"]
[BlackElo "1958"]
[PlyCount "75"]
[GameId "2160767910735164"]
[EventDate "2007.01.12"]
[EventType "swiss"]
[EventRounds "5"]
[EventCountry "CAN"]
[SourceTitle "EXT 2022"]
[Source "ChessBase"]
[SourceDate "2021.10.06"]
[SourceVersion "1"]
[SourceVersionDate "2021.10.06"]
[SourceQuality "1"]

1. e4 e6 2. d4 d5 3. Nd2 Nf6 4. e5 Nfd7 5. f4 c5 6. c3 Nc6 7. Ndf3 cxd4 8. cxd4 Bb4+ 9. Kf2 Nf8 10. g3 Bd7 11. Bd3 f5 12. Ne2 h6 13. h4 Be7 14. h5 g6 15. hxg6 Nxg6 16. Rh5 Kf7 17. Qh1 Qf8 18. Be3 Nb4 19. Bb1 Rc8 20. Qd1 Qe8 21. a3 Nc6 22. Qh1 Kg7 23. Bd3 Rh7 24. Rg1 Bf8 25. g4 Nce7 26. gxf5 exf5 27. Nh4 Qf7 28. Nxg6 Nxg6 29. Ng3 Kh8 30. Nxf5 Rc6 31. Nxh6 Bxh6 32. Rxh6 Nf8 33. Rxh7+ Nxh7 34. Qh4 Bf5 35. Qd8+ Nf8 36. Rh1+ Kg7 37. Qg5+ Bg6 38. Qh6+ 1-0

[Event "Kent Oliver mem."]
[Site "Winnipeg CAN"]
[Date "2007.01.14"]
[Round "4"]
[White "Nikouline, Alexandre"]
[Black "Curtis, Rory"]
[Result "1-0"]
[WhiteElo "2135"]
[BlackElo "1650"]
[PlyCount "33"]
[GameId "2160767910735165"]
[EventDate "2007.01.12"]
[EventType "swiss"]
[EventRounds "5"]
[EventCountry "CAN"]
[SourceTitle "EXT 2022"]
[Source "ChessBase"]
[SourceDate "2021.10.06"]
[SourceVersion "1"]
[SourceVersionDate "2021.10.06"]
[SourceQuality "1"]

1. e4 e5 2. Nf3 d6 3. d4 Nf6 4. Bd3 Bg4 5. O-O exd4 6. h3 Bxf3 7. Qxf3 c5 8. e5 dxe5 9. Qxb7 Nbd7 10. f4 exf4 11. Bxf4 Be7 12. Ba6 Nb6 13. Bc7 Qd5 14. Bxb6 axb6 15. Bb5+ Kf8 16. Bc6 Qe5 17. Qxa8+ 1-0

[Event "Kent Oliver mem."]
[Site "Winnipeg CAN"]
[Date "2007.01.14"]
[Round "5"]
[White "Curtis, Rory"]
[Black "Campbell, Jamie"]
[Result "1-0"]
[WhiteElo "1650"]
[BlackElo "1516"]
[PlyCount "51"]
[GameId "2160767910735166"]
[EventDate "2007.01.12"]
[EventType "swiss"]
[EventRounds "5"]
[EventCountry "CAN"]
[SourceTitle "EXT 2022"]
[Source "ChessBase"]
[SourceDate "2021.10.06"]
[SourceVersion "1"]
[SourceVersionDate "2021.10.06"]
[SourceQuality "1"]

1. d4 Nf6 2. c4 e5 3. dxe5 Ne4 4. Nf3 Bb4+ 5. Nbd2 Nc6 6. a3 Bxd2+ 7. Bxd2 O-O 8. Bf4 Nc5 9. e3 h6 10. Be2 Re8 11. O-O b6 12. Qc2 Bb7 13. Rad1 Ne6 14. Rd2 Nf8 15. Rfd1 Qe7 16. Bg3 Rad8 17. Bh4 g5 18. Bg3 Ng6 19. Qf5 Qe6 20. Bd3 Kg7 21. Qf6+ Kg8 22. Nd4 Qxf6 23. exf6 d6 24. Nb5 Re6 25. Nxc7 Rxf6 26. Bxg6 1-0

[Event "Kent Oliver mem."]
[Site "Winnipeg CAN"]
[Date "2007.01.14"]
[Round "5"]
[White "Gentes, Kevin"]
[Black "Gannon, Keith"]
[Result "1-0"]
[WhiteElo "2281"]
[BlackElo "1640"]
[PlyCount "115"]
[GameId "2160767910735167"]
[EventDate "2007.01.12"]
[EventType "swiss"]
[EventRounds "5"]
[EventCountry "CAN"]
[SourceTitle "EXT 2022"]
[Source "ChessBase"]
[SourceDate "2021.10.06"]
[SourceVersion "1"]
[SourceVersionDate "2021.10.06"]
[SourceQuality "1"]

1. d4 d5 2. c4 e6 3. Nc3 Nf6 4. Bg5 Be7 5. e3 O-O 6. Nf3 Nbd7 7. Rc1 a6 8. cxd5 exd5 9. Qc2 c6 10. Bd3 Qa5 11. Bxh7+ Nxh7 12. Bxe7 Re8 13. Bh4 Re4 14. O-O Rg4 15. Bg3 Qd8 16. Ne2 Re4 17. Nd2 Re8 18. Nc3 Ndf8 19. Rfe1 Be6 20. f3 Qd7 21. Bf2 Rac8 22. Na4 Qe7 23. Bg3 Nd7 24. Qb3 b5 25. Nc5 Nxc5 26. Rxc5 a5 27. Qc3 Bd7 28. Nb3 b4 29. Qc2 a4 30. Na5 b3 31. axb3 axb3 32. Qxb3 Qe6 33. Rc3 Ra8 34. Qb6 Rec8 35. Nb3 Qe8 36. Nc5 Nf8 37. Ra3 Ne6 38. Rea1 Nxc5 39. Qxc5 Rxa3 40. Rxa3 Ra8 41. Rb3 Kh7 42. Qc2+ g6 43. h3 Bf5 44. Qf2 Ra1+ 45. Kh2 Rc1 46. Rb8 Qe6 47. Be5 g5 48. Rh8+ Kg6 49. e4 dxe4 50. Rg8+ Kh6 51. Rh8+ Kg6 52. fxe4 Bxe4 53. Qe3 Rf1 54. Rg8+ Kh7 55. Qxg5 Qxe5+ 56. dxe5 Bg6 57. Qd8 Rf2 58. Rh8+ 1-0